Statistics for Foreign Countries With the Most Spaniards

Click here to take the quiz!

General Stats

  • This quiz has been taken 100 times
  • The average score is 24 of 30

Answer Stats

# SpaniardsAnswer#% Correct
233,693France2
100%
439,236Argentina1
99%
139,555Germany4
98%
94,617Mexico7
98%
69,097United Kingdom10
98%
86,626United States9
98%
44.468Chile13
96%
27,000Colombia15
95%
15,214Peru20
93%
188,025Venezuela3
93%
89,323Cuba8
89%
31,876Ecuador14
89%
100,622Brazil5
86%
20,128Netherlands17
86%
9,311Guatemala22
85%
12,375Panama21
85%
60,046Uruguay11
85%
47,618Belgium12
84%
16,482Costa Rica18
82%
1,826Nicaragua29
81%
6,842Dominican Republic24
80%
96,403Switzerland6
80%
15,390Sweden19
79%
2,450El Salvador28
78%
6,794Ireland25
78%
8,000Morocco23
75%
23,995Andorra16
66%
3,110Philippines26
49%
965Ukraine30
28%
2,500Qatar27
14%

Score Distribution

Percentile by Number Answered

Percent of People with Each Score

Your Score History

You have not taken this quiz